• 首页
  • 本馆介绍
  • 公告通知
  • 最新文献
  • 馆藏检索
  • 电子资源
  • 读者导购
  • 参考咨询
  • 我的图书馆
  • 登录
  • 详细信息显示
  • 放入我的书架
  • 预约/预借图书
  • 作者相关作品
  • 分类相关作品
  • 丛书相关作品
  • 出版社相关作品

书目信息

  • 表格格式
  • 工作单格式
  • 卡片格式
题名:
马克思的再生产理论
    
 
作者: 王珏 主编
分册:  
出版信息: 北京   中共中央党校出版社  1981.10
页数: 155页
开本: 19cm
丛书名:
单 册:
中图分类: F035
科图分类:
主题词: 资本主义社会--再生产
电子资源:
ISBN:
000 00717nam0 2200205 45
001 0304110979
005 20060815103800.53
010    @dCNY0.42
091    @a4230.31
100    @a20030411d1981 km y0chiy0120 ea
101 0  @achi
200 1  @a马克思的再生产理论@AMa Ke Si De Zai Sheng Chan Li Lun@e《资本论》第二卷节录本辅导提纲@E《Zi Ben Lun》Di Er Juan Jie Lu Ben Fu Dao Ti Gang@f王珏主编@FWang Jue Zhu Bian
210    @a北京@c中共中央党校出版社@d1981.10
215    @a155页@d19cm
517    @a《资本论》第二卷节录本辅导提纲@A《Zi Ben Lun》Di Er Juan Jie Lu Ben FuDao Ti Gang
606 0  @a资本主义社会@x再生产
690    @aF035@v3
701  0 @a王珏@4主编
801    @aCN@bTSTC@c20060815
905    @dF035@e11@f1@b64794
    
    马克思的再生产理论:《资本论》第二卷节录本辅导提纲/王珏主编.-北京:中共中央党校出版社,1981.10
    155页;19cm
    
    
    ISBN :CNY0.42
    
●
相关链接 在E读中查询图书 在五车中查询图书 在当当中查询图书 在豆瓣中查询图书


正题名:马克思的再生产理论     索取号:F035/11         预约/预借

序号 登录号 条形码 馆藏地/架位号 状态 备注
1 0064793   001792625   密集书库/ [索取号:F035/11] 在馆    
2 0064794   001270886   第一借阅区/ [索取号:F035/11] 在馆    
3 0064795   001270840   第一样本阅览室/ [索取号:F035/11] 在馆    
4 0460208   204602082   密集书库/ [索取号:F035/11] 在馆    
唐山师范学院图书馆 欢迎您!
大连网信软件有限公司© 版权所有